000 00974nas a2200337 4500
001 BR2022000985
003 BR-BrBNA
005 20231205132328.0
007 ta
008 230509b bl.|||p| |||| 00| 00por d
040 _aBR-BrBNA
_bpor
_cBiblioteca Nacional de Agricultura
041 _a(En)
072 _aH60
100 1 _aMaciel, C.D.G.
100 1 _aLustosa, S.B.C.
100 1 _aHelvig, E.O.
100 1 _aCosta, A.G.F.
100 1 _aRibeiro, R.B.
100 1 _aMatias, J.P.
245 1 _aSelectivity of chlorimuron-ethyl to castorbean crops
650 _aRICINUS COMMUNIS
650 _aMAMONA
650 _aINTOXICAÇÃO
650 _aFORMULAÇÃO
650 _aDOSE
650 _aHERBICIDA
773 0 _tPlanta Daninha (Brazil)
_xISSN 1806-9681
_g(2017), v. 35 p. 1-11
_wBR2022000985
856 4 0 _uhttps://www.scielo.br/j/pd/a/MSn4L7yCWNKkQwwyLxMykcP/?format=pdf lang=en
909 _a202311
_bLúcia
_c55
_dLúcia Elande
942 _2AGRIS
_n0
_cANA
999 _c259731
_d259731